Les personnages de C'est Pas Sorcier - Statistiques

Statistiques générales
  • Ce quiz a été pris 86 fois
  • Le résultat moyen est 4 sur 5
Statistiques - réponses
Par images Réponse % Correct
Jamy (Gourmaud)
100%
Fred (Courant)
92%
Marcel
89%
Sabine (Quindou)
78%
La petite voix
68%
Aucun quiz correspondant
Distribution des résultats
% des personnes avec chaque résultat
Percentile par nombre de réponses
Votre historique - résultats
Vous n’avez pas pris ce quiz